| 000 | 006720000a22002410004500 | ||
|---|---|---|---|
| 003 | LK-CoMWRAF | ||
| 005 | 20230920112242.0 | ||
| 008 | 230817t2000 ||||| |||| 00| 0 eng d | ||
| 020 | _a0333777336 | ||
| 040 |
_aLK-CoMWRAF _dLK-CoMWRAF _eLK-CoMWRAF |
||
| 041 | _aeng | ||
| 082 |
_a323 _bHUM |
||
| 245 | _aHuman Rights and The Internet | ||
| 260 |
_aLondon: _bMacmillan Press, _c2000 |
||
| 300 |
_axviii, 257 p. : ill. ; 23 cm. _bIndex included |
||
| 650 | _aHUMAN RIGHTS | ||
| 650 | _aHUMAN RIGHTS-Computer network resources | ||
| 650 | _aINTERNET | ||
| 700 |
_aHick, Steven _eed. |
||
| 700 |
_aHalpin, Edward F. _eed. |
||
| 700 |
_aHoskins, Eric _eed. |
||
| 942 | _cBK | ||
| 999 |
_c230 _d230 |
||